Managerial economics / (Record no. 36309)

MARC details
000 -LEADER
fixed length control field 00829nam a22002297a 4500
005 - DATE AND TIME OF LATEST TRANSACTION
control field 20100524160924.0
008 - FIXED-LENGTH DATA ELEMENTS--GENERAL INFORMATION
fixed length control field 100524t xxu||||| |||| 00| 0 eng d
010 ## - LCCN (DPL NO)
LC control number ENG-96166
020 ## - INTERNATIONAL STANDARD BOOK NUMBER
International Standard Book Number 9788190924993
Terms of availability 175.00
035 ## - SYSTEM CONTROL NUMBER
System control number EN-79699
037 ## - SOURCE OF ACQUISITION
Source of stock number/acquisition DBAD/PUB
040 ## - CATALOGING SOURCE
Original cataloging agency DPL
Language of cataloging Eng
082 ## - DEWEY DECIMAL CLASSIFICATION NUMBER
Classification number 338.5024658
100 ## - MAIN ENTRY--PERSONAL NAME
Personal name Pugalendiran, M.
9 (RLIN) 20111
245 ## - TITLE STATEMENT
Title Managerial economics /
Statement of responsibility, etc by M. Pugalendiran
260 ## - PUBLICATION, DISTRIBUTION, ETC. (IMPRINT)
Place of publication, distribution, etc Namakkal
Name of publisher, distributor, etc Senthil Publications
Date of publication, distribution, etc 2009
270 ## - ADDRESS
Address 12/134, Anna Nagar, Nathakadu
City Namakkal
300 ## - PHYSICAL DESCRIPTION
Extent 150p.
Dimensions 22cm (pbk)
500 ## - GENERAL NOTE
General note Includes bibliographical references
942 ## - ADDED ENTRY ELEMENTS (KOHA)
Source of classification or shelving scheme Dewey Decimal Classification
Item type English Books
Call number suffix PUG
Classification part 338.5024658
Holdings
Withdrawn status Lost status Source of classification or shelving scheme Damaged status Not for loan Collection code Home library Current library Date acquired Source of acquisition Cost, normal purchase price Total Checkouts Full call number Barcode Date last seen Copy number Cost, replacement price Koha item type
    Dewey Decimal Classification   Not For Loan Non-fiction D.B.Act.Division D.B.Act.Division 13/04/2010 DBAD/PUB 175.00   338.5024658 PUG EN-79699 24/05/2010 1 175.00 English Books

© Delhi Public Library
Hit Counter
free hit counter